Statistics for Wales County Quiz - Gwynedd

Click here to take the quiz!

General Stats

  • This quiz has been taken 37 times
  • The average score is 11 of 15

Answer Stats

HintAnswer% Correct
Highest mountain in WalesSnowdon
100%
Large island off the north-west of the mainlandAnglesey
97%
Roofing material once mined in large volumes in this part of WalesSlate
97%
Coastal medieval fortress and the site of the investiture of Charles, Prince of Wales in 1969Caernarfon Castle
94%
University city that has a namesake in the US state of MaineBangor
88%
Busy port from where ferries sail to DublinHolyhead
85%
Sea channel that separates the above island from the rest of Gwynedd{Menai} Strait
85%
Large inlet of the Irish Sea that has the coast of Gwynedd as its northern boundary{Cardigan} Bay
76%
Body of water in Gywnedd that is also known as Llyn Tegid{Bala} Lake
70%
Gwynedd born comedian, best known for playing the lead role in 'The Vicar of Dibley'Dawn French
70%
Gwynedd peninsula that extends 30 miles into the Irish SeaLlŷn
67%
Narrow-gauge heritage railway, and major tourist attraction, that runs from Porthmadog across 'The Cob' before climbing into the mountainsFfestiniog Railway
55%
Singer, songwriter from Gwynedd who had success with the single 'Mercy'Duffy
52%
Known as the 'Island of 20,000 Saints', this place is located two miles off the above peninsulaBardsey
42%
Gwynedd born courtier and second husband of Catherine, widow of Henry V of England, who was captured and executed during the Wars of the RosesOwen Tudor
18%

Score Distribution

Percentile by Number Answered

Percent of People with Each Score

Your Score History

You have not taken this quiz